| 000 | 00609nam a22001937a 4500 | ||
|---|---|---|---|
| 005 | 20171212153533.0 | ||
| 010 | _aENG-121857 | ||
| 020 |
_a9780198066743 _c645.00 |
||
| 035 | _aEN-105389 | ||
| 037 | _bDBAD/PUB | ||
| 082 | _a342.54083 | ||
| 100 | _aRoy, Anupama | ||
| 245 |
_aMapping citizenship in india / _cby Anupama Roy |
||
| 260 |
_aNew Delhi _bOxford University Press _c2010 |
||
| 270 |
_aYMCA Library Building , Jai Singh Road _bNew Delhi _e110001 |
||
| 300 |
_ax,226p. _c22cm(Hb) |
||
| 500 | _aIncludes bibliographical reference and index | ||
| 942 |
_2ddc _cEN _h342.54083 _mROY |
||
| 999 |
_c147968 _d147968 |
||